Raspberry Pi Projects For Kids (Record no. 336803)

MARC details
000 -LEADER
fixed length control field 00447nam a2200169Ia 4500
008 - FIXED-LENGTH DATA ELEMENTS--GENERAL INFORMATION
fixed length control field 230718s9999 xx 000 0 und d
020 ## - INTERNATIONAL STANDARD BOOK NUMBER
International Standard Book Number 9789351105664
041 ## - LANGUAGE CODE
Language code of text/sound track or separate title eng
082 ## - DEWEY DECIMAL CLASSIFICATION NUMBER
Classification number 005.43
Item number BEA
100 ## - MAIN ENTRY--PERSONAL NAME
Personal name Bates D.
9 (RLIN) 196287
245 ## - TITLE STATEMENT
Title Raspberry Pi Projects For Kids
260 ## - PUBLICATION, DISTRIBUTION, ETC. (IMPRINT)
Date of publication, distribution, etc. 2014
Name of publisher, distributor, etc. Packt / SPD
300 ## - PHYSICAL DESCRIPTION
Extent 79
365 ## - TRADE PRICE
Currency code Rs.
Price amount 225.00
700 ## - ADDED ENTRY--PERSONAL NAME
Personal name Bates D.
9 (RLIN) 196287
906 ## - LOCAL DATA ELEMENT F, LDF (RLIN)
d O:0399007-Jul-2014B:579122-May-2014
c COMP
b 49.5
Holdings
Withdrawn status Lost status Damaged status Not for loan Home library Current library Date acquired Vendor Budget Code Cost, normal purchase price Bill number Total Checkouts Full call number Barcode Date last seen Discount Cost, replacement price Bill Date Koha item type Original Barcode
        Cummins College of Engineering for Women Pune Cummins College of Engineering for Women Pune 07/07/2014 Technical Book Services COMP 175.50 5791   005.43 CCEP-BK-48010 18/07/2023 49.5 225.00 22/05/2014 Books 048010